MARC

LEADER 00000nam0a2200000 4500
001 231445
005 20231101231103.0
035 |a (RuTPU)RU\TPU\book\252465 
035 |a RU\TPU\book\252155 
090 |a 231445 
100 |a 20130201d1948 k y0rusy50 ca 
101 0 |a rus 
102 |a RU 
105 |a a z 000zy 
200 1 |a Геология коренных месторождений золота на Урале  |f А. А. Иванов  |g Академия наук СССР (АН СССР), Уральский филиал (УФ), Горно-геологический институт 
210 |a Свердловск  |c Изд-во УрО Ан СССР  |d 1948 
215 |a 46 с.  |c ил. 
225 1 |a Труды Горно-геологического института  |v Вып. 16 
317 |5 63413507: КР-802  |a Поступила в НТБ в 2004 г. в составе книжного собрания профессора ТПИ К. В. Радугина 
606 1 |a Золоторудные месторождения  |2 stltpush  |3 (RuTPU)RU\TPU\subj\11877  |9 38756 
610 1 |a коренные месторождения 
610 1 |a золото 
610 1 |a Урал 
610 1 |a геология 
610 1 |a минералогическая характеристика 
610 1 |a кварцевые жилы 
610 1 |a метаморфизм 
610 1 |a оруденение 
610 1 |a локализация 
610 1 |a библиотека К. В. Радугина 
675 |a 553.411  |v 3 
700 1 |a Иванов  |b А. А. 
712 0 2 |a Академия наук СССР (АН СССР)  |b Уральский филиал (УФ)  |b Горно-геологический институт  |2 stltpush  |3 (RuTPU)RU\TPU\col\18550 
801 1 |a RU  |b 63413507  |c 20130130 
801 2 |a RU  |b 63413507  |c 20181011  |g RCR 
942 |c BK